|
|
|
|
| LEADER |
00000cam a2200000 4500 |
| 001 |
vtls011889102 |
| 003 |
SK-MaSNL |
| 005 |
20260301145056.0 |
| 008 |
200612s2019 xo drp 000 m hun |
| 015 |
|
|
|a SNBA2019/11
|
| 020 |
|
|
|a 9788010034291
|q (brožované))
|
| 035 |
|
|
|a urn:nbn:sk:snk-am00dt35
|
| 035 |
|
|
|a urn:nbn:sk:snk-am3i7kw
|
| 035 |
|
|
|a 6D5AE8BE-2F27-4C71-AC96-0F88C49400A6
|
| 040 |
|
|
|a SNK
|b slo
|c SNK
|e rda
|
| 041 |
0 |
|
|a hun
|
| 044 |
|
|
|a xo
|c SK
|
| 072 |
|
7 |
|a 82.0
|x Literatúra (teória)
|2 konspekt
|
| 080 |
|
|
|a 37.016:82
|2 2011
|
| 080 |
|
|
|a 801.82
|2 2011
|
| 080 |
|
|
|a (075.3)
|2 2011
|
| 080 |
|
|
|a (094.9)
|2 2011
|
| 245 |
0 |
0 |
|a Irodalmi szöveggyűjtemény 3
|b a középiskolák 4. osztálya számára
|c összeállította Csanda Gábor, Gubíkné Harmati Mária
|
| 246 |
1 |
1 |
|a Zbierka literárnych textov 3 pre 4. ročník stredných škôl s vyučovacím jazykom maďarským
|
| 250 |
|
|
|a Második kiadás
|
| 264 |
|
1 |
|a Bratislava
|b Slovenské pedagogické nakladateľstvo - Mladé letá, s.r.o.
|c 2019
|
| 300 |
|
|
|a 544 strán
|c 24 cm
|
| 336 |
|
|
|a text
|b txt
|2 rdacontent
|
| 337 |
|
|
|a bez média
|b n
|2 rdamedia
|
| 338 |
|
|
|a zväzok
|b nc
|2 rdacarrier
|
| 500 |
|
|
|a Obsahje poznámky pod čiarou
|
| 650 |
0 |
7 |
|a literárna výchova
|2 SNKPH
|9 1653
|
| 650 |
0 |
7 |
|a literárne texty
|2 SNKPH
|9 63437
|
| 650 |
0 |
7 |
|a Literary education
|2 SNKPHeng
|9 274096
|
| 650 |
0 |
7 |
|a Literary texts
|2 SNKPHeng
|9 332195
|
| 655 |
|
7 |
|a učebnice stredných škôl
|2 SNKPH
|9 69323
|
| 655 |
|
7 |
|a zbierky
|2 SNKPH
|9 70533
|
| 655 |
|
7 |
|a Secondary school textbooks
|2 SNKPHeng
|9 135487
|
| 655 |
|
7 |
|a Collections of documents
|2 SNKPHeng
|9 265173
|
| 700 |
1 |
|
|a Csanda, Gábor,
|d 1963-
|4 com
|9 98659
|
| 700 |
1 |
|
|a Gubíkné Harmati, Mária
|4 com
|9 305159
|
| 919 |
|
|
|a 978-80-10-03429-1
|
| 999 |
|
|
|c 779014
|d 780944
|
| 952 |
|
|
|a SNK
|b SNK
|y PREZ
|7 0
|p 17A1391051
|o snkSC 186254
|i snk2019/26813
|8 0
|0 0
|1 0
|4 0
|d 2019-10-21
|f 1
|l 0
|r 2026-02-24 00:59:38
|w 2026-02-24
|
| 952 |
|
|
|a SNK
|b SNK
|y VYP
|7 0
|p 17A1391052
|o snkSC 186254 D1
|i snk2019/26814
|8 0
|0 0
|1 0
|4 0
|d 2019-10-21
|l 0
|r 2026-02-24 00:59:38
|w 2026-02-24
|